000 00312 a2200145 4500
001 58959
020 _a
040 _cAnchieta - Pituba
240 1 0 _aArqueologia histórica de Canudos
_lpor
245 1 0 _aArqueologia histórica de Canudos
300 _a103
362 0 _a1996
650 4 _aBahia
942 _cBK
999 _c58959
_d58959